Key statistics of Thailand 1999 (special edition) <the> celebrations on the auspicious occasion of his majesty the king's 6th cycle birthday anniversary 5th december 1999

Gespeichert in:
Bibliographische Detailangaben
Format: Buch
Sprache:Englisch
Thailändisch
Veröffentlicht: Bangkok National Statistical Office 1999
Schlagworte:
Tags: Tag hinzufügen
Keine Tags, Fügen Sie das erste Tag hinzu!

MARC

LEADER 00000nam a2200000 4500
001 c117959
005 20260121075748.1
041 0 |a eng 
041 0 |a tha 
044 |a TH 
245 1 0 |a Key statistics of Thailand 1999 (special edition)  |b <the> celebrations on the auspicious occasion of his majesty the king's 6th cycle birthday anniversary 5th december 1999 
264 1 |a Bangkok  |b National Statistical Office  |c 1999 
300 |a 173 s. 
610 2 0 |a Thajsko